000 00852nam a2200265 a 4500
001 BRL_256
005 20190320210645.0
008 150713s1973----mx-a######---#000-0#spa-#
041 _aspa
044 _amx
050 4 _aF1219
_b.C66 8 1973
245 1 0 _aComunicaciones 8 / 1973
_bProyecto Puebla Tlaxcala.
260 _aPuebla, México
_bFundación Alemana para la Investigación Científica
_c1973
300 _a64 p.
_bil., planos
_c28 cm.
500 _aAu273.
504 _aIncluye referencias bibliográficas
505 0 _aPrimer Simposio 29 enero - 2 febrero 1973
650 1 4 _aIndígenas de México
_xAntigüedades
_9509
650 1 4 _aGeología
_zMéxico
_95672
651 4 _aMéxico
_xAntigüedades
_92765
651 4 _aPuebla (México : Estado)
_923377
651 4 _aTlaxcala (México : Estado)
_923378
902 _aGRL
942 _2lcc
_cB
999 _c9069
_d9069